Research methods laboratory manual for psychology / (Record no. 298)

000 -LEADER
fixed length control field 02082cam a2200433 i 4500
003 - CONTROL NUMBER IDENTIFIER
control field ALUPE UNIVERSITY
005 - DATE AND TIME OF LATEST TRANSACTION
control field 20210611073433.0
008 - FIXED-LENGTH DATA ELEMENTS--GENERAL INFORMATION
fixed length control field 100401s2011 caua b 001 0 eng c
020 ## - INTERNATIONAL STANDARD BOOK NUMBER
International Standard Book Number 9780495811183
020 ## - INTERNATIONAL STANDARD BOOK NUMBER
International Standard Book Number 0495811181
020 ## - INTERNATIONAL STANDARD BOOK NUMBER
International Standard Book Number 9780840033376
020 ## - INTERNATIONAL STANDARD BOOK NUMBER
International Standard Book Number 0840033370
040 ## - CATALOGING SOURCE
Transcribing agency SINPL
042 ## - AUTHENTICATION CODE
Authentication code pcc
050 00 - LIBRARY OF CONGRESS CALL NUMBER
Classification number BF76.5
Item number .L36 2011
100 1# - MAIN ENTRY--PERSONAL NAME
Personal name Langston, William,
Dates associated with a name 1967-
245 10 - TITLE STATEMENT
Title Research methods laboratory manual for psychology /
Statement of responsibility, etc. William Langston, Middle Tennessee State University.
250 ## - EDITION STATEMENT
Edition statement Third edition.
264 #1 - PRODUCTION, PUBLICATION, DISTRIBUTION, MANUFACTURE, AND COPYRIGHT NOTICE
Place of production, publication, distribution, manufacture Belmont, CA :
Name of producer, publisher, distributor, manufacturer Wadsworth Cengage Learning,
Date of production, publication, distribution, manufacture, or copyright notice [2011]
300 ## - PHYSICAL DESCRIPTION
Extent xvii, 203 pages :
Other physical details illustrations ;
Dimensions 24 cm
336 ## - CONTENT TYPE
Content type term text
Content type code txt
Source rdacontent
337 ## - MEDIA TYPE
Media type term unmediated
Media type code n
Source rdamedia
338 ## - CARRIER TYPE
Carrier type term volume
Carrier type code nc
Source rdacarrier
504 ## - BIBLIOGRAPHY, ETC. NOTE
Bibliography, etc. note Includes bibliographical references and index.
650 #0 - SUBJECT ADDED ENTRY--TOPICAL TERM
Topical term or geographic name entry element Psychology
General subdivision Research
-- Methodology.
650 #7 - SUBJECT ADDED ENTRY--TOPICAL TERM
Topical term or geographic name entry element Psychology
General subdivision Research
-- Methodology.
Source of heading or term fast
Authority record control number or standard number (OCoLC)fst01081515
856 42 - ELECTRONIC LOCATION AND ACCESS
Uniform Resource Identifier https://www.loc.gov/catdir/enhancements/fy1701/2010926078-b.html
856 42 - ELECTRONIC LOCATION AND ACCESS
Uniform Resource Identifier https://www.loc.gov/catdir/enhancements/fy1701/2010926078-d.html
856 41 - ELECTRONIC LOCATION AND ACCESS
Uniform Resource Identifier https://www.loc.gov/catdir/enhancements/fy1701/2010926078-t.html
906 ## - LOCAL DATA ELEMENT F, LDF (RLIN)
a 7
b cbc
c pccadap
d 2
e ncip
f 20
g y-gencatlg
942 ## - ADDED ENTRY ELEMENTS (KOHA)
Source of classification or shelving scheme
Koha item type Book
Suppress in OPAC DO
Holdings
Withdrawn status Lost status Source of classification or shelving scheme Damaged status Not for loan Permanent Location Current Location Shelving location Date acquired Full call number Barcode Date last seen Copy number Price effective from Koha item type Public note Total Checkouts
          AU LIBRARY AU LIBRARY Open Shelf 11.06.2021 BF76.5 .L36 2011 C1 28000922 11.06.2021 1 11.06.2021 Book DO  
          AU LIBRARY AU LIBRARY Open Shelf 11.06.2021 BF76.5 .L36 2011 C2 28000921 11.06.2021 2 11.06.2021 Book DO  
          AU LIBRARY AU LIBRARY Open Shelf 11.06.2021 BF76.5 .L36 2011 C3 28000924 11.06.2021 3 11.06.2021 Book DO  

Powered by Koha